000 00683nam a2200217Ii 4500
003 JO-AjNU
008 230605s9999||||xx |||||||||||||| ||und||
017 _a1996/12/1660
040 _aJO-AjNU
_bara
_erda
_cJO-AjNU
041 _aara
050 1 4 _aHD58.6.A28.1997
100 3 _aابو شيخة،نادر احمد,
_eauthor
_933085
245 0 0 _aاصول التفاوض
250 _aط1
264 3 1 _aعمان:دار مجدلاوي للنشر والتوزيع،2000
300 _a397ص
336 _atext
_btxt
_2rdacontent
337 _aunmediated
_bn
_2rdamedia
338 _avolume
_bnc
_2rdacarrier
650 4 _aالتفاعل الاجتماعي-المفاوضات
_933086
999 _aA13429
_c16997
_d16997